Histoire du régne de l'empereur Charles-Quint (Record no. 163629)
[ view plain ]
| 000 -LEADER | |
|---|---|
| campo de control de longitud fija | 00963nam a2200217 i 4500 |
| 001 - NÚMERO DE CONTROL | |
| campo de control | 163629 |
| 003 - IDENTIFICADOR DE NÚMERO DE CONTROL | |
| campo de control | ES-MaACL |
| 005 - FECHA Y HORA DE LA ÚLTIMA TRANSACCIÓN | |
| campo de control | 20250805062426.0 |
| 008 - DATOS DE LONGITUD FIJA--INFORMACIÓN GENERAL | |
| campo de control de longitud fija | 981002s1817 fr |||| | fre d |
| 040 ## - FUENTE DE CATALOGACIÓN | |
| Centro catalogador/agencia de origen | CARM |
| Lengua de catalogación | spa |
| Centro/agencia transcriptor | CCPB | 3D |
| 100 1# - ENTRADA PRINCIPAL--NOMBRE DE PERSONA | |
| Nombre de persona | Robertson, William ( |
| Fechas asociadas al nombre | 1721-1793) |
| 9 (RLIN) | 164575 |
| 245 10 - MENCIÓN DEL TÍTULO | |
| Título | Histoire du régne de l'empereur Charles-Quint |
| Resto del título | : précédée d'un tableau des progrès de la société en Europe depuis la destruction de l'empire romain jusqu'au commencement du seizième siècle / |
| Mención de responsabilidad, etc. | par W. Robertson ; traduite de l'anglois par J.B.A. Suard. |
| 260 ## - PUBLICACIÓN, DISTRIBUCIÓN, ETC. | |
| Lugar de publicación, distribución, etc. | A Paris : |
| Nombre del editor, distribuidor, etc. | chez Janet et Cotelle, libraires, |
| Fecha de publicación, distribución, etc. | 1817 ( |
| Fabricante | de l'imprimerie de P. Didot, L'Ainé) |
| 300 ## - DESCRIPCIÓN FÍSICA | |
| Extensión | 4 v. ; |
| Dimensiones | 20 cm. |
| 600 04 - PUNTO DE ACCESO ADICIONAL DE MATERIA--NOMBRE DE PERSONA | |
| Nombre de persona | Carlos |
| Numeración | I, |
| Títulos y otros términos asociados al nombre | Rey de España |
| 9 (RLIN) | 35296 |
| 651 #4 - PUNTO DE ACCESO ADICIONAL DE MATERIA--NOMBRE GEOGRÁFICO | |
| Nombre geográfico | España- |
| Subdivisión general | Historia- |
| Subdivisión cronológica | 1516-1556, Carlos I. |
| 9 (RLIN) | 8224 |
| 700 1# - ENTRADA AGREGADA--NOMBRE PERSONAL | |
| Nombre de persona | Suard, J.B.A. |
| 9 (RLIN) | 132940 |
| 852 ## - LOCALIZACIÓN | |
| Ubicación | ES-MaACL |
| Número de control de estantería | B-5663-66 |
| Nota libre | -- Rust. |
| Estatus retirado | Estado de pérdida | Estado de daño | No para préstamo | Colección | Biblioteca de origen | Biblioteca actual | Ubicación en estantería | Fecha de adquisición | Total de préstamos | Signatura topográfica completa | Código de barras | Visto por última vez | Precio de reemplazo | Tipo de ítem Koha |
|---|---|---|---|---|---|---|---|---|---|---|---|---|---|---|
| Libros del s. XIX | Biblioteca del Ateneo de Madrid | Biblioteca del Ateneo de Madrid | Sala Pardo Bazán | 17/01/2008 | B-5663-66 | 1171471 | 23/02/2023 | 23/02/2023 | Libro impreso antiguo |
